00428pab a2200145 454500008004000000100002000040245006400060260000900124300001400133362000800147650003400155650003400189650002500223773003400248180718b2007 xxu||||| |||| 00| 0 eng d aGun, Sema et al aFemale agricultural workers in cotton cultivation in Turkey c2007 ap.485-95. aOct aAgricultural workers - Turkey aWomen in agriculture - Turkey aWomen in agriculture aIndian Journal of Social Work